Por un estado de democracia nacional /
Gorde:
| Egile nagusia: | |
|---|---|
| Formatua: | Texto |
| Gaiak: | |
| Etiketak: |
Etiketa erantsi
Etiketarik gabe, Izan zaitez lehena erregistro honi etiketa jartzen!
|
MARC
| LEADER | 00000 a a2200000 04500 | ||
|---|---|---|---|
| 001 | 9489 | ||
| 003 | |||
| 040 | |||
| 100 | |a Cerdas Cruz, Rodolfo | ||
| 245 | |a Por un estado de democracia nacional / |c Rodolfo Cerdas Cruz | ||
| 650 | |a ESTADO | ||
| 650 | |a DEMOCRACIA | ||
| 773 | |g número 66; páginas 1-24 | ||
| 999 | |c 30069 |d 30069 | ||
